[Event "ROM-ch U10"]
[Site "Calimanesti Caciulata"]
[Date "2019.04.18"]
[Round "5"]
[White "Cioc, Alexandru Marian"]
[Black "Grigore, Matei"]
[Result "0-1"]
[WhiteElo "1126"]
[BlackElo "1292"]
[PlyCount "116"]
[EventDate "2019.04.15"]
[EventType "swiss"]
[EventRounds "9"]
[EventCountry "ROU"]
[SourceTitle "CBM 190 Extra"]
[Source "ChessBase"]
[SourceDate "2019.07.15"]
[SourceVersion "1"]
[SourceVersionDate "2019.07.15"]
[SourceQuality "1"]

1. d4 Nf6 2. Bg5 g6 3. Bxf6 exf6 4. c4 Bg7 5. Nc3 0-0 6. e3 d6 7. g3 c6 8. Bg2 Na6 9. a3 Nc7 10. Nge2 f5 11. 0-0 Re8 12. b4 Bd7 13. a4 a6 14. Rb1 Rb8 15. b5 cxb5 16. cxb5 axb5 17. axb5 Ne6 18. Qb3 g5 19. Qa3 Bf8 20. Qb2 h5 21. b6 h4 22. Na2 Qf6 23. Nac1 Bg7 24. Qb4 Nf8 25. Nd3 Ng6 26. Nc3 Ne7 27. Nb5 Bxb5 28. Qxb5 Ng6 29. Rfc1 f4 30. gxf4 gxf4 31. exf4 Nxf4 32. Nxf4 Qxf4 33. Rc7 Bxd4 34. Rxb7 Qxf2+ 35. Kh1 Re1+ 36. Rxe1 Qxe1+ 37. Bf1 Rxb7 38. Qg5+ Bg7 39. Qg2 Rxb6 40. Qa8+ Kh7 41. Qg2 Rc6 42. Qh3 Rc1 43. Qf5+ Kg8 44. Kg2 Qxf1+ 45. Qxf1 Rxf1 46. Kxf1 f5 47. Kf2 Be5 48. h3 d5 49. Ke3 d4+ 50. Kd3 f4 51. Ke4 Kg7 52. Kf3 Kf6 53. Kg4 d3 54. Kxh4 d2 55. Kh5 d1Q+ 56. Kh4 Qe1+ 57. Kh5 Qg3 58. h4 Qg6# 0-1

[Event "ROM-ch U08"]
[Site "Calimanesti Caciulata"]
[Date "2016.04.23"]
[Round "7"]
[White "Grigore, Matei"]
[Black "Ungureanu, Andrei"]
[Result "0-1"]
[WhiteElo "1001"]
[BlackElo "1001"]
[PlyCount "74"]
[EventDate "2016.04.18"]
[EventType "swiss"]
[EventRounds "9"]
[EventCountry "ROU"]
[SourceTitle "CBM 172 Extra"]
[Source "ChessBase"]
[SourceDate "2016.06.21"]
[SourceVersion "1"]
[SourceVersionDate "2016.06.21"]
[SourceQuality "1"]

1. g3 e5 2. Bg2 d6 3. b3 Nf6 4. Bb2 Be7 5. e3 d5 6. d4 e4 7. f3 Bb4+ 8. Nc3 0-0 9. Nge2 a5 10. 0-0 exf3 11. Bxf3 Nc6 12. e4 dxe4 13. Nxe4 Nxe4 14. Bxe4 Re8 15. Rf4 Bd6 16. Rh4 g5 17. Bxh7+ Kh8 18. Bf5+ gxh4 19. Bxc8 Rxc8 20. d5+ Ne5 21. Qe1 Kg8 22. Qf2 Ng4 23. Qd4 Be5 24. Qxg4+ Kf8 25. Bxe5 Rxe5 26. Rf1 Rxd5 27. Qf4 Rd7 28. gxh4 f6 29. h5 Rh7 30. Nd4 Qe7 31. Qf5 Qe3+ 32. Rf2 Rg7+ 33. Kf1 Re8 34. Qxf6+ Kg8 35. Ne2 Qh3+ 36. Ke1 Rg1+ 37. Kd2 Qe3# 0-1

[Event "ROM-ch U08"]
[Site "Calimanesti Caciulata"]
[Date "2016.04.22"]
[Round "6"]
[White "Radu, David Cr"]
[Black "Grigore, Matei"]
[Result "1-0"]
[WhiteElo "1127"]
[BlackElo "1001"]
[PlyCount "61"]
[EventDate "2016.04.18"]
[EventType "swiss"]
[EventRounds "9"]
[EventCountry "ROU"]
[SourceTitle "CBM 172 Extra"]
[Source "ChessBase"]
[SourceDate "2016.06.21"]
[SourceVersion "1"]
[SourceVersionDate "2016.06.21"]
[SourceQuality "1"]

1. e4 c5 2. c3 e6 3. d4 cxd4 4. cxd4 Nf6 5. Nc3 Qa5 6. Bd3 Bb4 7. Bd2 0-0 8. Nf3 a6 9. 0-0 b5 10. Qe2 Qc7 11. Rac1 Ng4 12. Nxb5 Qa5 13. Nd6 Nc6 14. a3 Bxd2 15. Qxd2 Qc7 16. Nxc8 Raxc8 17. d5 exd5 18. exd5 Qd6 19. dxc6 Rxc6 20. Be4 Qxd2 21. Nxd2 Rxc1 22. Rxc1 Re8 23. h3 Ne5 24. f4 Ng6 25. g3 f6 26. Bd5+ Kf8 27. Rc7 Re1+ 28. Kf2 f5 29. Rxd7 Ra1 30. Rf7+ Ke8 31. Rxf5 1-0